| 000 -LEADER |
| fixed length control field |
00784nam a22002057a 4500 |
| 008 - FIXED-LENGTH DATA ELEMENTS--GENERAL INFORMATION |
| fixed length control field |
131113b xxu||||| |||| 00| 0 ger d |
| 020 ## - INTERNATIONAL STANDARD BOOK NUMBER |
| International Standard Book Number |
3852681006 |
| 041 0# - LANGUAGE CODE |
| Language code of text/sound track or separate title |
ger |
| 080 ## - UNIVERSAL DECIMAL CLASSIFICATION NUMBER |
| Universal Decimal Classification number |
339.138 |
| Common auxiliary subdivision |
(436) |
| 100 1# - Rafti |
| Rafti |
Bergant, Josef Martin |
| 245 10 - TITLE STATEMENT |
| Title |
Marketing für forschung und entwicklung forschungsmarketing in österreich : |
| Statement of responsibility, etc |
Josef Martin Bergant |
| 260 ## - |
| -- |
Wien : |
| -- |
Verlag A. Schendl ; |
| -- |
1989. |
| 300 ## - |
| -- |
260 f. : |
| -- |
me il. ; |
| -- |
25 cm. |
| 500 ## - |
| -- |
Vorwort : f. 5 |
| 505 ## - |
| -- |
Literaturverzeichnis : f. 230-232 |
| 520 ## - |
| -- |
Summary : f. 228 |
| 650 ## - |
| -- |
Marketingu |
| -- |
Austria |
| 650 ## - |
| -- |
Zhvillimi |
| -- |
Austria |
| 942 ## - ADDED ENTRY ELEMENTS (KOHA) |
| Source of classification or shelving scheme |
|
| Item type |
Books |